<?xml version="1.0" encoding="UTF-8"?>
<record
    xmlns:xsi="http://www.w3.org/2001/XMLSchema-instance"
    xsi:schemaLocation="http://www.loc.gov/MARC21/slim http://www.loc.gov/standards/marcxml/schema/MARC21slim.xsd"
    xmlns="http://www.loc.gov/MARC21/slim">

  <leader>01249nam a22002777a 4500</leader>
  <controlfield tag="005">20180803165610.0</controlfield>
  <controlfield tag="008">141107b2014    ck il. |r||||a00| 0 spa d</controlfield>
  <datafield tag="020" ind1=" " ind2=" ">
    <subfield code="a">9789588343983</subfield>
  </datafield>
  <datafield tag="041" ind1=" " ind2=" ">
    <subfield code="a">spa</subfield>
  </datafield>
  <datafield tag="044" ind1=" " ind2=" ">
    <subfield code="a">ck</subfield>
  </datafield>
  <datafield tag="082" ind1="0" ind2="4">
    <subfield code="a">577.683</subfield>
    <subfield code="b">R17r</subfield>
  </datafield>
  <datafield tag="245" ind1="0" ind2="0">
    <subfield code="a">Restauraci&#xF3;n ecol&#xF3;gica de los p&#xE1;ramos de Colombia : </subfield>
    <subfield code="b">transformaci&#xF3;n y herramientas para su conservaci&#xF3;n /</subfield>
    <subfield code="c">editado por Marian Cabrera y Wilson Ram&#xED;rez</subfield>
  </datafield>
  <datafield tag="260" ind1=" " ind2=" ">
    <subfield code="a">Bogot&#xE1; :</subfield>
    <subfield code="b">Instituto de Investigaci&#xF3;n de Recursos Biol&#xF3;gicos Alexander von Humboldt, </subfield>
    <subfield code="c">2014.</subfield>
  </datafield>
  <datafield tag="300" ind1=" " ind2=" ">
    <subfield code="a">296 p.</subfield>
    <subfield code="b">fot. (col). tablas, mapas</subfield>
    <subfield code="c">23 cm.</subfield>
  </datafield>
  <datafield tag="504" ind1=" " ind2=" ">
    <subfield code="a">Incluye bibliograf&#xED;a al final de cada cap&#xED;tulo, gu&#xED;a de autores.</subfield>
  </datafield>
  <datafield tag="505" ind1=" " ind2=" ">
    <subfield code="a">Cap. 1 Ecolog&#xED;a y transformaci&#xF3;n de los p&#xE1;ramos (pag 19)</subfield>
  </datafield>
  <datafield tag="505" ind1=" " ind2=" ">
    <subfield code="a">Cap. 2 La restauraci&#xF3;n ecol&#xF3;gica de los paramos (pag 67)</subfield>
  </datafield>
  <datafield tag="505" ind1=" " ind2=" ">
    <subfield code="a">Cap. 3 Lineamientos y estrategias de restauraci&#xF3;n de los ecosistemas de p&#xE1;ramo (pag 135)</subfield>
  </datafield>
  <datafield tag="505" ind1=" " ind2=" ">
    <subfield code="a">Cap. 4 Estudios de caso (pag 173)</subfield>
  </datafield>
  <datafield tag="650" ind1=" " ind2="6">
    <subfield code="a">Ecolog&#xED;a de p&#xE1;ramos</subfield>
    <subfield code="z">Colombia</subfield>
    <subfield code="9">28494</subfield>
  </datafield>
  <datafield tag="650" ind1=" " ind2="6">
    <subfield code="a">Restauraci&#xF3;n ecol&#xF3;gica</subfield>
    <subfield code="9">92279</subfield>
  </datafield>
  <datafield tag="650" ind1=" " ind2="6">
    <subfield code="a">P&#xE1;ramos</subfield>
    <subfield code="x">ecolog&#xED;a</subfield>
    <subfield code="x">conservaci&#xF3;n</subfield>
    <subfield code="9">28496</subfield>
  </datafield>
  <datafield tag="700" ind1=" " ind2="0">
    <subfield code="a">Cabrera,Marian</subfield>
    <subfield code="e">ed.</subfield>
    <subfield code="9">28410</subfield>
  </datafield>
  <datafield tag="700" ind1=" " ind2="0">
    <subfield code="9">28411</subfield>
    <subfield code="a">Ram&#xED;rez, Wilson</subfield>
    <subfield code="e">ed.</subfield>
  </datafield>
  <datafield tag="942" ind1=" " ind2=" ">
    <subfield code="2">ddc</subfield>
    <subfield code="c">LIBRO</subfield>
    <subfield code="0">19</subfield>
  </datafield>
  <datafield tag="999" ind1=" " ind2=" ">
    <subfield code="c">8755</subfield>
    <subfield code="d">8755</subfield>
  </datafield>
  <datafield tag="952" ind1=" " ind2=" ">
    <subfield code="0">0</subfield>
    <subfield code="1">0</subfield>
    <subfield code="2">ddc</subfield>
    <subfield code="4">0</subfield>
    <subfield code="7">0</subfield>
    <subfield code="8">HUMBOLDT</subfield>
    <subfield code="I">INV2017</subfield>
    <subfield code="a">Bogota</subfield>
    <subfield code="b">Bogota</subfield>
    <subfield code="d">2014-11-07</subfield>
    <subfield code="e">Instituto</subfield>
    <subfield code="g">39000.00</subfield>
    <subfield code="l">15</subfield>
    <subfield code="o">IAVH-577.683 R17r</subfield>
    <subfield code="p">038412</subfield>
    <subfield code="r">2019-03-12 00:00:00</subfield>
    <subfield code="s">2019-03-12</subfield>
    <subfield code="t">Ej. 1</subfield>
    <subfield code="w">2014-11-07</subfield>
    <subfield code="x">Institucional</subfield>
    <subfield code="y">LIBRO</subfield>
  </datafield>
  <datafield tag="952" ind1=" " ind2=" ">
    <subfield code="0">0</subfield>
    <subfield code="1">0</subfield>
    <subfield code="2">ddc</subfield>
    <subfield code="4">0</subfield>
    <subfield code="7">0</subfield>
    <subfield code="8">HUMBOLDT</subfield>
    <subfield code="I">INV2017</subfield>
    <subfield code="a">Bogota</subfield>
    <subfield code="b">Bogota</subfield>
    <subfield code="d">2014-11-07</subfield>
    <subfield code="e">Instituto</subfield>
    <subfield code="g">39000.00</subfield>
    <subfield code="l">5</subfield>
    <subfield code="o">IAVH-577.683 R17r</subfield>
    <subfield code="p">038411</subfield>
    <subfield code="r">2016-12-06 00:00:00</subfield>
    <subfield code="s">2016-12-05</subfield>
    <subfield code="t">Ej. 2</subfield>
    <subfield code="w">2014-11-07</subfield>
    <subfield code="x">Institucional</subfield>
    <subfield code="y">LIBRO</subfield>
  </datafield>
  <datafield tag="952" ind1=" " ind2=" ">
    <subfield code="0">0</subfield>
    <subfield code="1">0</subfield>
    <subfield code="2">ddc</subfield>
    <subfield code="4">0</subfield>
    <subfield code="7">0</subfield>
    <subfield code="8">HUMBOLDT</subfield>
    <subfield code="I">INV2017</subfield>
    <subfield code="a">Venado</subfield>
    <subfield code="b">Venado</subfield>
    <subfield code="d">2014-11-07</subfield>
    <subfield code="e">Instituto</subfield>
    <subfield code="g">39000.00</subfield>
    <subfield code="l">0</subfield>
    <subfield code="o">IAVH-577.683 R17r</subfield>
    <subfield code="p">038410</subfield>
    <subfield code="r">2014-11-07 00:00:00</subfield>
    <subfield code="t">Ej. 3</subfield>
    <subfield code="w">2014-11-07</subfield>
    <subfield code="x">Institucional</subfield>
    <subfield code="y">LIBRO</subfield>
  </datafield>
</record>
